Professional Conduct And Advocacy 2nd Edn. (Record no. 20775)

MARC details
000 -LEADER
fixed length control field 00340nam a22001337a 4500
008 - FIXED-LENGTH DATA ELEMENTS--GENERAL INFORMATION
fixed length control field 240805b |||||||| |||| 00| 0 eng d
020 ## - INTERNATIONAL STANDARD BOOK NUMBER
ISBN 9788119107292
100 ## - MAIN ENTRY--AUTHOR NAME
Personal name K. V. K. Aiyer
245 ## - TITLE STATEMENT
Title Professional Conduct And Advocacy 2nd Edn.
250 ## - EDITION STATEMENT
Edition statement 2nd
260 ## - PUBLICATION, DISTRIBUTION, ETC. (IMPRINT)
Place of publication Hyderabad
Name of publisher Asia Law House
Year of publication 2024
300 ## - PHYSICAL DESCRIPTION
Number of Pages 736
942 ## - ADDED ENTRY ELEMENTS (KOHA)
Source of classification or shelving scheme Dewey Decimal Classification
Koha item type Books
Holdings
Accession Number Bill Date Source of acquisition Price effective from Koha item type Withdrawn / writtenoff status Damaged status Not for loan Permanent Location Current Location Shelving location Date acquired Lost/ Missing status department
LLB 1346 30-7-2024 ABD, Jammu 08/05/2024 Books     Not For Loan MIET Library, Jammu MIET Library, Jammu 202/4 08/02/2024   BBA LLB